000 00963cam a2200229 i 4500
005 20251108165349.0
008 250721s1993 ua gr 000 0 ara d
082 1 4 _a213
_bح ج ر
100 1 _aإبن حجر العسقلاني، شهاب الدين أبو الفضل
_eمؤلف.
245 1 0 _aبلوغ المرام من جمع أدلة الأحكام /
_cللحافظ شهاب الدين أبو الفضل إبن حجر العسقلاني؛ تحقيق عصام الدين الصبابطي.
250 _aالطبعة الاولى.
264 1 _aالقاهرة :
_bدار الحديث،
_c1993.
300 _a415صفحة.
650 1 7 _aالإسلام.
650 1 7 _aالحديث النبوي.
650 1 7 _aالسنة النبوية.
650 1 7 _aالفقه الإسلامي.
650 1 7 _aأصول الدين الإسلامي.
700 1 _aالصبابطي، عصام الدين
_eمحقق.
942 _2ddc
_cREF
999 _c26114
_d26114